1806 1967 1257 1148 1653 1332 1532 1995 1950 1867 1995 1886 1971 1610 1110 1062 1410 1539 1610 1232 1998 1798 1847 1406 1278 1300 1029 1111 1705 1709 1931 1731 1801 1008 1957 1674 1806 1483 1263 1448 1161 1814 1935 1190 1647 1454 1671 1918 1454 1882 1167 1364 1027 1625 1737 1832 1821 1088 1571 1394 1177 1795 1032 1320 1640 1898 1758 1781 1109 1075 1478 1744 1552 1054 1110 1340 1297 1136 1849 1817 1659 1295 1976 1202 1481 1931 1183 1258 1507 1858 1762 1906 1334 1389 1500 1671 1919 1576 1042 BCNSPRNW ULIB Ver.6.0+V

เปลี่ยนเป็นภาษาไทย

Change to English
 แสดงรายละเอียดบรรณานุกรม
  กลับหน้าหลัก

Brief Record : Get Marc (ISO 2709) : E-mail record : QR code < ปิดหน้าต่าง
LEADER : 00000nam 2200000uu 4500
001    13399121595
003     ULIB
008    121126s2552||||th 000 0 tha d
020    ^a9789741111015
060 04 ^aWT100^bป525
245 00 ^aปัญหาสุขภาพที่พบบ่อยในผู้สูงอายุและการป้องกัน /^cประเสริฐอัสสันตชัย, บรรณาธิการ
250    ^aพิมพ์ครั้งที่ 1
260    ^aกรุงเทพฯ :^bภาควิชาเวชศาสตร์ป้องกันและสังคมคณะแพทยศาสตร์ศิริราชพยาบาล มหาวิทยาลัยมหิดล,^c2552
300    ^aก-ญ, 490 หน้า :^bภาพประกอบ ;^c30 ซม.
500    ^aหนังสือได้รับรางวัลประเภทดี รางวัลตำราศิริราช-มหิดล ปี2552
650  7 ^aผู้สูงอายุ^xสุขภาพและอนามัย
650  7 ^aผู้สูงอายุ
650  7 ^aรางวัลตำราศิริราช-มหิดล
653    ^aผลงานอาจารย์คณะแพทยศาสตร์ศิริราชพยาบาล
700 0  ^aประเสริฐ อัสสันตชัย,^eบรรณาธิการ
710 2  ^aมหาวิทยาลัยมหิดล. ^bคณะแพทยศาสตร์ศิริราชพยาบาล.^bภาควิชาเวชศาสตร์ป้องกันและสังคม
945    ^p800^l0^i15943
945    ^p800^l0^i15944
995    ^aวิภา
999 ^a ใช้งานได้ทุกระบบ
รายการนี้ยังไม่มีแท็ก
คุณยังไม่ได้ล็อกอิน คุณสามารถมีกิจกรรมร่วมกับเว็บไซต์ได้ แต่ต้องล็อกอินก่อน ::
  ล็อกอิน

รายการสื่อสารสนเทศ

ลำดับที่ ประเภท เลขเรียก/บาร์โค้ด สถานที่ สถานะ
- ไม่พบข้อมูล -

รายการใกล้เคียง
    หัวเรื่อง [ผู้สูงอายุ]
    หัวเรื่อง [รางวัลตำราศิริราช-มหิดล]

BibComment


ยังไม่เคยถูกคอมเมนท์

คอมเมนท์ทรัพยากรรายการนี้
  คอมเมนท์: ปัญหาสุขภาพที่พบ..


 Copyright 2026. Bcnsprnw @Library